000 00299nam a2200121 a 4500
005 20140414132114.0
008 110824s19uu xx 00 eng d
050 _aER
_bM11 1994
100 _aMaccarone, Grace
245 _aPizza Party.
260 _aNew York :
_bScholastic,
_c1994.
999 _c114867
_d114867